000
00297nam a2200133Ia 4500
100
_a
Smith/A.A
942
_c
BK
654
_a
Radio
245
_a
Radio frequency principles and applications
260
_b
Universities Press
_c
2001
082
_a
621.284
_b
SMI
300
_a
217
546
_a
ENGLISH
999
_c
35686
_d
35686